|
|
|
|
| LEADER |
00873nam a2200241 a 4500 |
| 001 |
3015909 |
| 008 |
091124s1995 enka 001 0 eng d |
| 010 |
|
|
|a 94034367
|
| 020 |
|
|
|a 0077079167
|
| 040 |
|
|
|a DLC
|c DLC
|d DLC
|
| 082 |
0 |
0 |
|a 330
|2 20
|
| 100 |
1 |
|
|a Nobbs, Jack.
|
| 245 |
1 |
0 |
|a Economics :
|b a core text /
|c Jack Nobbs and Ian Hopkins.
|
| 250 |
|
|
|a 4th ed.
|
| 260 |
|
|
|a London ;
|a New York :
|b McGraw-Hill Book Co.,
|c c1995.
|
| 300 |
|
|
|a xii, 403 p. :
|b ill. ;
|c 25 cm.
|
| 504 |
|
|
|a Includes index.
|
| 541 |
1 |
|
|e 00010940
|
| 650 |
|
0 |
|a Economics.
|
| 700 |
1 |
|
|a Hopkins, I. W. J. (Ian W. J.)
|
| 852 |
4 |
|
|a Ayesha Abed Library
|j General Shelf
|
| 999 |
|
|
|c 5887
|d 5887
|
| 952 |
|
|
|0 0
|1 0
|2 ddc
|4 0
|6 330_NOB_199500000000000
|7 0
|9 5871
|a BRACUL
|b BRACUL
|c GEN
|d 2009-12-06
|g 0.00
|l 8
|m 17
|o 330 NOB
|p 3010010940
|r 2024-02-20
|s 2024-02-12
|t 1
|w 2009-12-06
|y BK
|x No price found in the accession register.
|